|
|
|
|
| LEADER |
00000nam0a2200000 4500 |
| 001 |
161302 |
| 005 |
20231031155848.0 |
| 010 |
|
|
|a 9785788204468
|b 200 экз.
|
| 021 |
|
|
|a RU
|b 07-85252
|9 07-4599
|
| 035 |
|
|
|a (RuTPU)RU\TPU\book\174916
|
| 090 |
|
|
|a 161302
|
| 100 |
|
|
|a 20090605d2007 m y0rusy5002 ca
|
| 101 |
0 |
|
|a rus
|
| 102 |
|
|
|a RU
|
| 105 |
|
|
|a a j 001zy
|
| 200 |
1 |
|
|a Основы проектирования систем автоматизации технологических процессов и аппаратов
|e учебное пособие
|f А. В. Фафурин, И. А. Дюдина, В. П. Ившин
|g Казанский государственный технологический университет (КГТУ)
|
| 210 |
|
|
|a Казань
|c КГТУ
|d 2007
|
| 215 |
|
|
|a 172 с.
|c ил.
|d 29 см.
|
| 320 |
|
|
|a Библиогр.: с. 67.
|
| 330 |
|
|
|a Соответствует действующим программам по дисциплине ОПД Ф.07, ОПД Ф.09 «Системы управления химико-технологическими процессами», разделу «Элементы проектирования систем автоматизации технологических процессов».Первая часть содержит нормативные требования к выполнению функциональных схем автоматизации. Особое внимание уделено самостоятельной работе по практическому освоению навыков проектирования при последовательном выполнении практических заданий возрастающей сложности.Вторая часть содержит вопросы и тесты, которые регламентируют самостоятельную работу студентов. Акцентируют внимание на фундаментальных вопросах курса, вариантах технического исполнения средств автоматизации, формируют навыки выбора средств автоматизации в соответствии с требованиями технологического процесса и знакомят с условными изображениями этих средств.Предназначено для студентов всех форм обучения специальностей технологического, нефтяного, полимерного, пищевого, механического и других направлений.Подготовлено на кафедре автоматизированных систем сбора и обработки информации.
|
| 606 |
1 |
|
|a Автоматизированные системы управления технологическими процессами
|x Проектирование
|2 stltpush
|3 (RuTPU)RU\TPU\subj\739
|
| 610 |
1 |
|
|a технологические процессы
|
| 610 |
1 |
|
|a системы автоматизации
|
| 610 |
1 |
|
|a проектирование
|
| 610 |
1 |
|
|a функциональные схемы
|
| 610 |
1 |
|
|a локальные контуры
|
| 610 |
1 |
|
|a химико-технологические процессы
|
| 610 |
1 |
|
|a метрология
|
| 610 |
1 |
|
|a давление
|
| 610 |
1 |
|
|a температура
|
| 610 |
1 |
|
|a измерение
|
| 610 |
1 |
|
|a термоэлектрические преобразователи
|
| 610 |
1 |
|
|a тесты
|
| 610 |
1 |
|
|a вопросы
|
| 610 |
1 |
|
|a самостоятельные работы
|
| 610 |
1 |
|
|a учебные пособия
|
| 675 |
|
|
|a 658.512.4.011.56.001(075.8)
|v 3
|z rus
|
| 700 |
|
1 |
|a Фафурин
|b А. В.
|g Андрей Викторович
|4 070
|
| 701 |
|
1 |
|a Дюдина
|b И. А.
|4 070
|
| 701 |
|
1 |
|a Ившин
|b В. П.
|g Валерий Петрович
|4 070
|
| 712 |
0 |
2 |
|a Казанский государственный технологический университет (КГТУ)
|c (1992- )
|2 stltpush
|3 (RuTPU)RU\TPU\col\224
|
| 801 |
|
0 |
|a RU
|b 63413507
|c 20080116
|g PSBO
|
| 801 |
|
1 |
|a RU
|b 63413507
|c 20090605
|g PSBO
|
| 801 |
|
2 |
|a RU
|b 63413507
|c 20141111
|g PSBO
|
| 830 |
|
|
|a <b><br /> <b>Фафурин А. В.</b> Основы проектирования систем автоматизации технологических процессов и аппаратов : учеб. пособие / А. В. Фафурин, И. А. Дюдина, В. П. Ившин; Федер. агентство по образованию, Казан. гос. технол. ун-т. - Казань : КГТУ, 2007. - 172 с. : ил.; 29 см. - 200 экз. - ISBN 978-5-7882-0446-8. - [07-85252]<br /> - - 1. Химическая технология - Процессы - Автоматизация. 2. Автоматизированные системы управления технологическими процессами - Проектирование. </p><p style='text-align:right'>УДК 66.0:681.5(075.8) <br />ББК 35.11я73 </p>
|
| 900 |
|
|
|a Проектирование автоматизированных систем
|
| 900 |
|
|
|a Автоматизация химико-технологических процессов
|
| 942 |
|
|
|c BK
|